| 000 | 01569nam a22003494a 4500 | ||
|---|---|---|---|
| 001 | ebr10041230 | ||
| 003 | CaPaEBR | ||
| 006 | m u | ||
| 007 | cr cn||||||||| | ||
| 008 | 030108s2003 caua s 001 0 eng | ||
| 010 | _z 2003000469 | ||
| 020 | _z1886411921 | ||
| 040 |
_aCaPaEBR _cCaPaEBR |
||
| 035 | _a(OCoLC)56119656 | ||
| 050 | 1 | 4 |
_aQA76.9.U83 _bC6597 2003eb |
| 082 | 0 | 4 |
_a005.4/37 _221 |
| 100 | 1 |
_aCooper, Joe _q(R. Joe) |
|
| 245 | 1 | 4 |
_aThe book of Webmin, or, How I learned to stop worrying and love UNIX _h[electronic resource] / _cby Joe Cooper. |
| 246 | 3 | 0 | _aHow I learned to stop worrying and love UNIX |
| 246 | 1 | 8 | _aBook of Webmin |
| 260 |
_aSan Francisco : _bNo Starch Press, _cc2003. |
||
| 300 |
_axxviii, 281 p. : _bill. |
||
| 500 | _a"Linux Journal Press" appears on cover and spine as joint publisher. | ||
| 500 | _aIncludes index. | ||
| 505 | 0 | _aGetting and installing Webmin -- Logging in -- Webmin category -- General system configuration -- Server and daemon configuration -- Apache Webserver -- Bind -- FTP server -- Sendmail -- Squid -- Hardware configuration. | |
| 533 |
_aElectronic reproduction. _bPalo Alto, Calif. : _cebrary, _d2013. _nAvailable via World Wide Web. _nAccess may be limited to ebrary affiliated libraries. |
||
| 630 | 0 | 0 | _aUNIX (Computer file) |
| 650 | 0 | _aUser interfaces (Computer systems) | |
| 655 | 7 |
_aElectronic books. _2local |
|
| 710 | 2 | _aebrary, Inc. | |
| 856 | 4 | 0 |
_uhttp://site.ebrary.com/lib/rucke/Doc?id=10041230 _zAn electronic book accessible through the World Wide Web; click to view |
| 999 |
_c174918 _d174918 |
||